The human organization of time : temporal realities and experience /

Bibliographic Details
Main Author: Bluedorn, Allen C.
Format: Book
Language:English
Published: Stanford, Calif. : Stanford Business Books, [2002]
Series:Stanford business books.
Subjects:

MARC

Tag First Indicator Second Indicator Subfields
LEADER 00000cam a22000004a 4500
001 in00001697821
005 20151024145939.0
008 020129s2002 caua b 001 0 eng
010 |a  2002001375 
020 |a 0804741077 (alk. paper) 
035 |a (OCoLC)ocm48958257 
040 |a DLC  |c DLC  |d UtOrBLW 
042 |a pcc 
049 |a TXAM 
050 0 0 |a HM656  |b .B58 2002 
082 0 0 |a 304.2/3  |2 21 
100 1 |a Bluedorn, Allen C. 
245 1 4 |a The human organization of time :  |b temporal realities and experience /  |c Allen C. Bluedorn. 
264 1 |a Stanford, Calif. :  |b Stanford Business Books,  |c [2002] 
264 4 |c ©2002 
300 |a xii, 367 pages :  |b illustrations ;  |c 24 cm. 
336 |a text  |b txt  |2 rdacontent 
337 |a unmediated  |b n  |2 rdamedia 
338 |a volume  |b nc  |2 rdacarrier 
490 1 |a Stanford business books 
504 |a Includes bibliographical references (pages 301-337) and index. 
650 0 |a Time  |x Social aspects. 
650 0 |a Time  |x Sociological aspects. 
830 0 |a Stanford business books. 
945 |i PromptCat 
948 |a cataloged  |b h  |c 2002/8/28  |d c  |e dmitchel  |f 1:48:18 pm 
994 |a 92  |b TXA 
999 |a MARS 
999 f f |s 2e0d84e4-c8a6-3763-9929-7bf999bada88  |i 9e341431-5642-314a-bd8e-35994d68001d  |t 0 
952 f f |p ric  |a Texas A&M University  |b Rellis Campus  |c Joint Library Facility  |d Remote Storage  |t 0  |e HM656 .B58 2002  |h Library of Congress classification  |i unmediated -- volume  |m A14829116516 
998 f f |a HM656 .B58 2002  |t 0  |l Remote Storage